[Event "Chioggia op-B 15th"]
[Site "Chioggia"]
[Date "2022.10.01"]
[Round "2"]
[White "Rumpf, Werner"]
[Black "Lin, Yan Antonio"]
[Result "0-1"]
[WhiteElo "1849"]
[BlackElo "1307"]
[PlyCount "54"]
[EventDate "2022.09.30"]
[EventType "swiss"]
[EventRounds "5"]
[EventCountry "ITA"]
[SourceTitle "EXT 2024"]
[Source "ChessBase"]
[SourceDate "2023.10.10"]
[SourceVersion "1"]
[SourceVersionDate "2023.10.10"]
[SourceQuality "1"]

1. e4 c5 2. c3 e5 3. d4 cxd4 4. cxd4 exd4 5. Nf3 Nc6 6. Nxd4 Bc5 7. Nb3 Bb6 8. Be2 d6 9. Nc3 Be6 10. Nd5 Bxd5 11. exd5 Ne5 12. Bb5+ Nd7 13. 0-0 Ne7 14. Re1 0-0 15. Bg5 f6 16. Bf4 Ne5 17. Nd4 Bxd4 18. Qxd4 a6 19. Ba4 Rc8 20. Bb3 Qe8 21. Rad1 Qg6 22. Bg3 Nf5 23. Qb6 Nxg3 24. hxg3 f5 25. Qxb7 f4 26. g4 Qxg4 27. Rxe5 f3 0-1

[Event "Vienna Silvester op-A"]
[Site "Vienna"]
[Date "2021.12.29"]
[Round "3"]
[White "Rumpf, Werner"]
[Black "Steindl, Johannes"]
[Result "0-1"]
[WhiteElo "1858"]
[BlackElo "2229"]
[PlyCount "56"]
[EventDate "2021.12.27"]
[EventType "swiss"]
[EventRounds "7"]
[EventCountry "AUT"]
[SourceTitle "EXT 2023"]
[Source "ChessBase"]
[SourceDate "2022.10.05"]
[SourceVersion "1"]
[SourceVersionDate "2022.10.05"]
[SourceQuality "1"]

1. e4 e5 2. Nf3 Nc6 3. Bc4 Bc5 4. d3 Nf6 5. Nc3 0-0 6. a3 a6 7. b4 Be7 8. h3 d6 9. Be3 Be6 10. Nd5 Re8 11. 0-0 h6 12. c3 Bf8 13. a4 Bxd5 14. Bxd5 Nxd5 15. exd5 Ne7 16. c4 Nf5 17. Bd2 g6 18. Re1 Bg7 19. Re4 c6 20. dxc6 bxc6 21. Rc1 d5 22. cxd5 cxd5 23. Re1 e4 24. dxe4 dxe4 25. g4 Nd6 26. Bf4 exf3 27. Qxd6 Qh4 28. Be3 Be5 0-1

[Event "Vienna Silvester op-A"]
[Site "Vienna"]
[Date "2021.12.27"]
[Round "1"]
[White "Rumpf, Werner"]
[Black "Sadilek, Peter"]
[Result "0-1"]
[WhiteElo "1858"]
[BlackElo "2354"]
[PlyCount "92"]
[EventDate "2021.12.27"]
[EventType "swiss"]
[EventRounds "7"]
[EventCountry "AUT"]
[SourceTitle "EXT 2023"]
[Source "ChessBase"]
[SourceDate "2022.10.05"]
[SourceVersion "1"]
[SourceVersionDate "2022.10.05"]
[SourceQuality "1"]

1. e4 g6 2. d4 Bg7 3. Nc3 d6 4. Be3 a6 5. h3 b5 6. Nf3 Bb7 7. a3 Nd7 8. Be2 c5 9. 0-0 cxd4 10. Bxd4 Ngf6 11. e5 dxe5 12. Nxe5 Nxe5 13. Bxe5 0-0 14. Qxd8 Rfxd8 15. Rad1 Ne4 16. Bxg7 Kxg7 17. Nxe4 Bxe4 18. c4 bxc4 19. Bxc4 a5 20. Rfe1 Rxd1 21. Rxd1 Rc8 22. b3 a4 23. Re1 Bc2 24. Re3 e5 25. Kh2 axb3 26. Bxb3 Bxb3 27. Rxb3 Rc2 28. Kg3 f5 29. Rb7+ Kh6 30. a4 Rc3+ 31. Kh2 Ra3 32. Rb5 e4 33. a5 Kg5 34. g4 Kf4 35. gxf5 gxf5 36. Kg2 h5 37. h4 Kg4 38. Re5 Ra2 39. Kf1 f4 40. Rxe4 Kf3 41. Re1 Rxf2+ 42. Kg1 Rg2+ 43. Kh1 Ra2 44. Rf1+ Kg3 45. Rg1+ Kxh4 46. Rg7 Rxa5 0-1

[Event "Graz op-A"]
[Site "Graz"]
[Date "2018.02.18"]
[Round "2"]
[White "Rumpf, Werner"]
[Black "Koller, Hans Juergen"]
[Result "1/2-1/2"]
[WhiteElo "1945"]
[BlackElo "2167"]
[PlyCount "42"]
[EventDate "2018.02.17"]
[EventType "swiss"]
[EventRounds "9"]
[EventCountry "AUT"]
[SourceTitle "CBM 183 Extra"]
[Source "ChessBase"]
[SourceDate "2018.04.19"]
[SourceVersion "1"]
[SourceVersionDate "2018.04.19"]
[SourceQuality "1"]

1. e4 g6 2. d4 Bg7 3. Nf3 d6 4. Bc4 a6 5. a4 b6 6. 0-0 e6 7. Re1 Ne7 8. Nc3 0-0 9. Bf4 h6 10. h4 Nbc6 11. Qd2 Kh7 12. Rad1 d5 13. Ba2 Nb4 14. Bb1 dxe4 15. Nxe4 Nbd5 16. Be5 f6 17. Bh2 f5 18. Nc3 Nc6 19. Nxd5 exd5 20. c3 Kh8 21. Bf4 h5 1/2-1/2

[Event "Vienna op 14th"]
[Site "Vienna"]
[Date "2003.08.22"]
[Round "7"]
[White "Weissenbeck, Manuel"]
[Black "Rumpf, Werner"]
[Result "1-0"]
[WhiteElo "2240"]
[BlackElo "2104"]
[PlyCount "73"]
[EventDate "2003.08.16"]
[EventType "swiss"]
[EventRounds "9"]
[EventCountry "AUT"]
[SourceTitle "CBM 095 Extra"]
[Source "ChessBase"]
[SourceDate "2003.09.04"]
[SourceVersion "1"]
[SourceVersionDate "2003.09.04"]
[SourceQuality "1"]

1. d4 f5 2. Nc3 Nf6 3. Bg5 e6 4. f3 Be7 5. Nh3 0-0 6. Qd2 Nc6 7. 0-0-0 a6 8. e4 b5 9. e5 b4 10. exf6 bxc3 11. Qxc3 Bxf6 12. Bxf6 Qxf6 13. Bc4 Rb8 14. a3 Rb6 15. Rhe1 Kh8 16. Bb3 Bb7 17. f4 Ne7 18. Qg3 Bd5 19. Bxd5 Nxd5 20. c4 Rfb8 21. Re2 Rb3 22. Rd3 Rxd3 23. Qxd3 Nb6 24. Ng5 h6 25. Nf3 d6 26. g3 a5 27. b3 c5 28. Rb2 cxd4 29. Qxd4 Qxd4 30. Nxd4 Rc8 31. Nxe6 a4 32. bxa4 Rxc4+ 33. Kd2 Rc6 34. Rb4 g6 35. Nd4 Rc4 36. a5 d5 37. axb6 1-0